North American Dinosaurs - Sudden Death - Statistics

General Stats
  • This quiz has been taken 34 times
  • The average score is 9 of 17
Answers on the Grid
Answers color-coded by a green-red scale on the quiz's grid according to % correct below.
Tyrannosaurus
Irritator
Chasmosaurus
Triceratops
Mamenchisaurus
Kentrosaurus
Troodon
Carcharodontosaurus
Acrocanthosaurus
Cryolophosaurus
Maiasaura
Olorotitan
Pachycephalosaurus
Concavenator
Velociraptor
Deinonychus
Utahraptor
Nodosaurus
Psittacosaurus
Silesaurus
Ceratosaurus
Alamosaurus
Beipiaosaurus
Deinocheirus
Torosaurus
Parasaurolophus
Gallimimus
Struthiomimus
Albertosaurus
Edmontosaurus
Huayangosaurus
Spinosaurus
Megalosaurus
Iguanodon
 
Answer Stats
Answer % Correct
USA Tyrannosaurus
77%
USA Ceratosaurus
69%
USA Utahraptor
69%
Canada Albertosaurus
62%
Canada Edmontosaurus
62%
USA Acrocanthosaurus
54%
USA Alamosaurus
54%
USA Deinonychus
54%
USA Parasaurolophus
54%
USA Triceratops
54%
Canada Chasmosaurus
46%
USA Struthiomimus
46%
Canada Torosaurus
46%
USA Maiasaura
38%
USA Pachycephalosaurus
38%
USA Troodon
38%
Canada Nodosaurus
15%
No matching quizzes found
Score Distribution
Percent of People with Each Score
Percentile by Number Answered
Your Score History
You have not taken this quiz